CSKA Moscow Squad 2004-2005 - Statistics

General Stats
  • This quiz has been taken 4 times
  • The average score is 19 of 27
Answer Stats
# Position Nation Player % Correct
7 MF Brazil Daniel Carvalho
100%
35 GK Russia Igor Akinfeev
100%
9 FW Croatia Ivica Olić
100%
20 DF Czech Republic Jiří Jarošík
100%
17 FW Serbia Miloš Krasić
100%
11 FW Brazil Vágner Love
100%
18 MF Russia Yuriy Zhirkov
100%
15 DF Nigeria Chidi Odiah
75%
2 MF Lithuania Deividas Šemberas
75%
14 FW Russia Dmitriy Kirichenko
75%
25 MF Bosnia and Herzegovina Elvir Rahimić
75%
22 MF Russia Evgeniy Aldonin
75%
19 MF Latvia Juris Laizāns
75%
4 DF Russia Sergey Ignashevich
75%
5 MF Russia Sergey Semak
75%
- Coach Russia Valeriy Gazzaev
75%
1 GK Russia Veniamin Mandrykin
75%
6 DF Russia Aleksey Berezutskiy
50%
28 DF Ukraine Bogdan Shershun
50%
8 MF Russia Rolan Gusev
50%
13 FW Russia Sergey Samodin
50%
23 FW Moldova Serghei Dadu
50%
24 DF Russia Vasiliy Berezutskiy
50%
77 GK Russia Vladimir Gabulov
50%
40 FW Russia Aleksandr Salugin
25%
38 FW Russia Sergey Pravosud
25%
20 MF Brazil Dudu Cearense
0%
No matching quizzes found
Score Distribution
Percent of People with Each Score
Percentile by Number Answered
Your Score History
You have not taken this quiz